Indian revenue service: what lies beneath (Record no. 404972)

000 -LEADER
fixed length control field 00402cam a22001457a 4500
008 - FIXED-LENGTH DATA ELEMENTS--GENERAL INFORMATION
fixed length control field 180718b2005 xxu||||| |||| 00| 0 eng d
020 ## - INTERNATIONAL STANDARD BOOK NUMBER
International Standard Book Number 812207104
082 ## - DEWEY DECIMAL CLASSIFICATION NUMBER
Classification number K23x54 G748
100 ## - MAIN ENTRY--PERSONAL NAME
Personal name Goyal S.K.
245 ## - TITLE STATEMENT
Title Indian revenue service: what lies beneath
Statement of responsibility, etc. by S.K. Goyal
260 ## - PUBLICATION, DISTRIBUTION, ETC.
Place of publication, distribution, etc. New Delhi
Name of publisher, distributor, etc. Konark
Date of publication, distribution, etc. 2005
300 ## - PHYSICAL DESCRIPTION
Extent 204p.
650 ## - SUBJECT ADDED ENTRY--TOPICAL TERM
Topical term or geographic name entry element Taxation - India
650 ## - SUBJECT ADDED ENTRY--TOPICAL TERM
Topical term or geographic name entry element India Revenue Service (IRS)
Holdings
Withdrawn status Lost status Damaged status Not for loan Permanent Location Current Location Date acquired Full call number Barcode Date last seen Price effective from Koha item type
        Indian Institute of Public Administration Indian Institute of Public Administration 2005-12-05 K23x54 G748 80645 2018-07-21 2018-07-21 Book

Powered by Koha